| 000 | 00919cam a22002773a 4500 | ||
|---|---|---|---|
| 001 | 18182 | ||
| 003 | PGUSA | ||
| 005 | 20140828083403.0 | ||
| 008 | 060415s2006||||xxu|||||s|||||000 1 eng d | ||
| 040 |
_aPGUSA _beng |
||
| 042 | _adc | ||
| 050 | 4 | _aPS | |
| 100 | 1 |
_aLaut, Agnes C., _d1871-1936 |
|
| 245 | 1 | 0 |
_aHeralds of Empire : _bBeing the Story of One Ramsay Stanhope, Lieutenant to Pierre Radisson in the Northern Fur Trade _h[electronic resource] / _cAgnes C. Laut |
| 260 |
_bProject Gutenberg, _c2006 |
||
| 506 | _aPublic domain in the USA. | ||
| 516 | _aElectronic text | ||
| 653 | _aRadisson, Pierre Esprit, approximately 1636-1710 -- Fiction | ||
| 653 | _aNorthwest, Canadian -- Fiction | ||
| 653 | _aFur trade -- Fiction | ||
| 653 | _aFur traders -- Fiction | ||
| 653 | _aHistorical fiction | ||
| 830 | 0 |
_aProject Gutenberg _v18182 |
|
| 856 | 4 | 0 | _uhttp://www.gutenberg.org/ebooks/18182 |
| 942 | _cEB | ||
| 999 |
_c247437 _d247437 |
||